000 00936nam a2200241Ia 4500
008 191130s2009##################000#0#eng##
020 _a9780123747327
022 _a2009010098
040 _aACL
_cACL
082 _a515.3530285 ART
100 _aArticolo, George A
245 _aPartial differential equations and boundary value problems with Maple
_cGeorge A. Articolo
250 _a2nd ed
260 _aAmsterdam ; Boston, MA
_bElsevier / Academic Press
_c2009
300 _axi, 719 p. : ill. ; 24 cm
500 _aFirst ed. published as: Partial differential equations and boundary value problems with Maple V. c1998. Includes bibliographical references (p. 709-710) and index
650 _aBoundary value problems - Data processing
650 _aDifferential equations, Partial - Data processing
650 _aMaple (Computer file)
990 _a80fcc396ac10000c56358b9073a1ed30
991 _a195084
999 _c31902
_d31902